00982cam a2200265u 450000100060000000300080000600500170001400800390003103500190007004000330008904100080012208200200013010000390015024500560018925000090024526000280025430000260028265000370030883000390034583000300038494200120041499900170042695201410044395201320058429849BD-RjUL20211209051454.0140407s1946 enk 000 0 eng a(BD-RjUL)29934 aDLCcCarPdDLCdBD-RjULbeng aeng a136.4bFYI 19461 aFyfe, Hamilton,d1869-1951.99082814aThe illusion of national character /cHamilton Fyfe aRev. aLondon :bWatts,c1946. avii, 157 p. ;c18 cm. 0aNational characteristics.990829 0vno. 116. [from old catalog]990832 0aThinker's library,990833 2ddccBK c29849d29849 00102ddc40728NFICaRUCLbRUCLcReadingd1955-01-25eW.B.C.dahaka.g1.00l0o136.4 FYI 1946r2014-04-07 00:00:00tC-1w2014-04-07yBK 00102ddc40708NFICaRUCLbRUCLcStackd1990-10-24eShukat asmanl0o136.4 FYI 1946r2016-12-06 00:00:00tC-2w2016-12-06yBK